Detalles MARC
| 000 -LEADER |
| fixed length control field |
01519nam a2200289 a 4500 |
| 008 - CAMPO DE CONTROL (LIBRO) |
| fixed length control field |
160510e2015 arg||||| |||| 00| 0 spa d |
| 020 ## - INTERNATIONAL STANDARD BOOK NUMBER |
| ISBN |
9789879831397 |
| 092 ## - SIGNATURA TOPOGRAFICA DEWEY LOCAL |
| número de clasificación |
500.82 |
| libristica |
22 |
| sección |
EST |
| 110 1# - ENTRADA PRINCIPAL-AUTOR CORPORATIVO |
| Nombre de la institución, jurisdicción como entrada principal |
Ministerio de Ciencia, Tecnología e Innovación Productiva de la Nación. |
| 9 (RLIN) |
3066 |
| 245 ## - TITULO PROPIAMENTE DICHO |
| Título |
Estado y perspectivas de las ciencias exactas, fisicas y naturales en Argentina. |
| Subtítulo y Título paralelo |
Proyecto conjunto de la Academia Nacional de Ciencias Exactas, Físicas y Naturales y la Academia de Ciencias / |
| Mención de responsabilidad y remanente de la transcripción de la portada |
Ministerio de Ciencia, Tecnología e Innovación Productiva de la Nación |
| 250 ## - MENCION DE EDICION |
| Mención de edición |
1a ed. |
| 260 ## - PIE DE IMPRENTA |
| Lugar de publicación, distribución, etc |
Buenos Aires: |
| Nombre de la editorial, distribuidor, etc |
Ministerio de Ciencia, Tecnologia e Innovacion Productiva de la Nacion; |
| Fecha de publicación |
2015. |
| 300 ## - DESCRIPCION FISICA |
| Extension |
455 p. |
| 500 ## - NOTA GENERAL |
| Nota general |
Ministerio de Ciencia, Tecnología e Innovación Productiva de la Nación. (2015). Estado y perspectiva de la ciencias exactas, físicas y naturales en Argentina. Proyecto conjunto de la Academia Nacional de Ciencias Exactas, Físicas y Naturales y la Academia de Ciencias. (1a ed.). Buenos Aires : Ministerio de Ciencia, Tecnología e Innovación Productiva de la Nación. |
| 653 ## - TÉRMINO INDIZADO - PALABRAS CLAVES |
| Palabra clave |
Ciencias exactas, fisicas y naturales |
| 653 ## - TÉRMINO INDIZADO - PALABRAS CLAVES |
| Palabra clave |
Astronomia |
| 653 ## - TÉRMINO INDIZADO - PALABRAS CLAVES |
| Palabra clave |
Biologia de sistemas |
| 653 ## - TÉRMINO INDIZADO - PALABRAS CLAVES |
| Palabra clave |
Ciencias de la Computacion |
| 653 ## - TÉRMINO INDIZADO - PALABRAS CLAVES |
| Palabra clave |
Fisica |
| 653 ## - TÉRMINO INDIZADO - PALABRAS CLAVES |
| Palabra clave |
Geologia |
| 653 ## - TÉRMINO INDIZADO - PALABRAS CLAVES |
| Palabra clave |
Matematica |
| 655 ## - MATERIA - GENERO/FORMA |
| Género/Forma |
Oceanografia |
| -- |
3067 |
| 655 ## - MATERIA - GENERO/FORMA |
| Género/Forma |
Paleontologia |
| -- |
3068 |
| 655 ## - MATERIA - GENERO/FORMA |
| Género/Forma |
Quimica |
| -- |
3069 |
| 655 ## - MATERIA - GENERO/FORMA |
| Género/Forma |
Quimica biologica y Biologia molecular |
| -- |
3070 |
| 942 ## - ADDED ENTRY ELEMENTS (KOHA) |
| Source of classification or shelving scheme |
Dewey Decimal Classification |
| Item type |
Libros |